Futurama Trivia - Statistics

General Stats
  • This quiz has been taken 57 times
  • The average score is 15 of 25
Answer Stats
Hint Answer % Correct
Who owns the company that makes most of the robots in the show? Mom
100%
In the episode "Roswell that ends well", when the crew travels back in time to roswell in 1947, we find out that Fry is his own what? Grandfather
90%
What television show does ^^^ appear on? All My Circuits
85%
Who is Bender's favourite actor? Calculon
85%
Who does Fry end up trading hands with in order to play the holophonor for Leela? The Robot Devil
85%
Whose parents are basically just a swarm of flys? Kif
83%
What is the name of the alien news anchor with a large head? Morbo
81%
Who was responsible for pushing fry into the cryogenic tube? Nibbler
77%
Who is president Nixon's loyal headless vice president? (Spiro) Agnew
77%
What is the name of the insane robot that carries a knife and likes to stab people? Roberto
75%
What is the name of Hermes Conrad's wife? LaBarbara Conrad
73%
What planet is Lrrr the ruler of? Omicron Persei 8
73%
Amy's parents, Mr. and Mrs. Wong, own a ranch where they keep what type of creature? Buggalo
69%
What is the name of Fry's dog from the 20th century? Seymour
67%
Leo Wong wanted to bulldoze 12% of the milky way in order to build the universes largest what? Miniature Golf Course
63%
What is the name of the ship that Zapp Brannigan is the captain of? The Nimbus
63%
Who is Dr. Farnsworths arch rival? Dr. Ogden Wernstrom
60%
What field did Leela's mother study in university? Exolinguistics
29%
What is the name of the frequently recurring robot police officer? URL
29%
What sport does Leela's father enjoy? Sewer Surfing
27%
What is the first robotic upgrade that Hermes gets in the episode "Six Million Dollar Mon"? Chest Harpoon
25%
What is the real name of the member of the Robot Mafia known as Clamps? Francis X. Clampazzo
23%
What disease was professor Farnsworth exposed to while on a mission to kill the tritonian yeti with Dr. Zoidberg? Hypermalaria
19%
Who says the line "You seriously believe I'm descended from some kind of flightless manicotti?" The Flying Spaghetti Monster
19%
Where does Zapp Brannigan grant Admiral Chew and the Carcarons exclusive fishing rights to? Supernova Scotia
4%
No matching quizzes found
Score Distribution
Percent of People with Each Score
Percentile by Number Answered
Your Score History
You have not taken this quiz